| Tag |
First Indicator |
Second Indicator |
Subfields |
| LEADER |
00000cam a2200000 a 4500 |
| 001 |
in00000579321 |
| 005 |
20151014090334.0 |
| 008 |
830211s1977 onc f00000 eng d |
| 035 |
|
|
|a (OCoLC)09212747
|
| 035 |
|
|
|9 ACQ6714AM
|
| 040 |
|
|
|a FDA
|c FDA
|d TXA
|d UtOrBLW
|
| 049 |
1 |
|
|a TXA2
|
| 090 |
|
|
|a HE151
|b .C3 no. 10-77-3
|
| 100 |
1 |
|
|a Heads, John.
|
| 245 |
1 |
0 |
|a Transportation factors and the Canadian livestock and meat industries :
|b an updated summary /
|c John Heads.
|
| 264 |
|
1 |
|a Ottawa, [Ont.] :
|b Canadian Transport Commission, Research Branch, Economic and Social Research Directorate,
|c 1977.
|
| 300 |
|
|
|a 27 leaves ;
|c 29 cm.
|
| 336 |
|
|
|a text
|b txt
|2 rdacontent
|
| 337 |
|
|
|a unmediated
|b n
|2 rdamedia
|
| 338 |
|
|
|a volume
|b nc
|2 rdacarrier
|
| 490 |
1 |
|
|a Report - Canadian Transport Commission ;
|v no. 10-77-3
|
| 504 |
|
|
|a Includes bibliographical references.
|
| 650 |
|
0 |
|a Livestock
|x Transportation
|z Canada.
|
| 650 |
|
0 |
|a Meat industry and trade
|z Canada.
|
| 710 |
2 |
|
|a Canadian Transport Commission.
|b Research Branch.
|
| 830 |
|
0 |
|a Research reports (Canadian Transport Commission. Research Branch) ;
|v no. 10-77-3.
|
| 999 |
|
|
|a MARS
|
| 999 |
f |
f |
|s 8500acc2-a30a-393b-a9e3-5c0633866749
|i 1010f7f9-6305-3d04-b6b6-d2317fd7d5cd
|t 0
|
| 952 |
f |
f |
|p ric
|a Texas A&M University
|b Rellis Campus
|c Joint Library Facility
|d Remote Storage
|t 0
|e HE151 .C3 no. 10-77-3
|h Library of Congress classification
|i unmediated -- volume
|m A14809972227
|
| 998 |
f |
f |
|a HE151 .C3 no. 10-77-3
|t 0
|l Remote Storage
|